000 00710nam a2200193 i 4500
001 187161
003 SpMaBN
005 20230906222829.0
008 170426q1957 sp abc |||| | spa d
080 _a930.85(460:569.4)
080 _a930.85(569.4:460)
245 0 3 _aLa huella de España en Tierra Santa.
260 _aMadrid :
_bRevista Geográfica Española,
_c[h. 1957]
300 _a212, XLVIII p. :
_bil., mapas, retr. ;
_c24 cm.
546 _aTexto español, con traducción en inglés.
651 7 _aPalestina-
_xRelaciones-
_zEspaña.
_9162463
651 7 _aEspaña-
_xRelaciones-
_zPalestina.
_9162464
852 _aES-MaACL
_jL-31490
_z. - Donat. herederos de la bibl. de Mª del Pilar Costa Palacín
999 _c187161
_d187161